|
|
|
|
| LEADER |
00866nam a2200217 a 4500 |
| 001 |
00023843 |
| 008 |
111127r20041997ii a b 001 0 eng d |
| 020 |
|
|
|a 8120409922
|
| 040 |
|
|
|a BD-DhAAL
|c BD-DhAAL
|
| 082 |
0 |
0 |
|a 660.6
|2 22
|
| 100 |
1 |
|
|a Ignacimuthu S.
|
| 245 |
1 |
0 |
|a Plant Biotechnology /
|c S.Ignacimuthu
|
| 260 |
|
|
|a New Delhi :
|b Oxford & IBH Publishing,
|c 1997.[Reprinted 2004]
|
| 300 |
|
|
|a xxiii, 284 p. :
|b ill. ;
|c 24 cm.
|
| 500 |
|
|
|a Not for sale outside the Indian Sub-Continent
|
| 504 |
|
|
|a Includes bibliographical references (p.[267]-272) and index.
|
| 541 |
1 |
|
|e 00023843
|
| 650 |
|
0 |
|a Biotechnology.
|
| 852 |
1 |
|
|a Ayesha Abed Library
|j General shelf
|
| 999 |
|
|
|c 11503
|d 11503
|
| 952 |
|
|
|0 0
|1 0
|4 0
|6 660_600000000000000_IGN
|7 0
|9 18699
|a BRACUL
|b BRACUL
|c GEN
|d 2011-11-27
|e Mullick & Brothers
|g 400.00
|l 15
|m 62
|o 660.6 IGN
|p 3010023843
|r 2025-10-22
|s 2025-10-16
|t 1
|w 2011-11-27
|y BK
|